000 00568nam a2200133 a 4500
008 120416s1987 ||||||||||||||||| || u
050 _aHF 5549.5.J6 Mor
245 1 0 _aMore evaluating training programs
246 _aa collection of articles from Training and Development Journal
260 _aAlexandria, VA.
_bAmerican Society for Training and Develo
_c1987
300 _aiv, 279p. : ill
350 _a0.00
995 _D0.00
_FCBU-MAIN LIBRARY (Kitwe)
_H1
_I25.00
_UAVAILABLE
_ZMain Library Open Access Collection
999 _c51685
_d51685